Capitals of New England - Statistics

General Stats
  • This quiz has been taken 416 times
  • The average score is 5 of 6
Answer Stats
Hint Answer % Correct
Massachusetts Boston
99%
Rhode Island Providence
94%
Connecticut Hartford
93%
Maine Augusta
89%
Vermont Montpelier
86%
New Hampshire Concord
83%
No matching quizzes found
Score Distribution
Percent of People with Each Score
Percentile by Number Answered
Your Score History
You have not taken this quiz